Central Library OPAC University of Rajshahi

Estimation of variance components and applications / (Record no. 52988)

MARC details
000 -LEADER
fixed length control field 00873nam a2200265 a 4500
001 - CONTROL NUMBER
control field 52988
003 - CONTROL NUMBER IDENTIFIER
rucl marc code BD-RjUL
005 - DATE AND TIME OF LATEST TRANSACTION
control field 20211209075906.0
008 - FIXED-LENGTH DATA ELEMENTS--GENERAL INFORMATION
fixed length control field 161002s1988 enk b 001 0 eng
020 ## - INTERNATIONAL STANDARD BOOK NUMBER
International Standard Book Number 0444700234
035 ## - SYSTEM CONTROL NUMBER
System control number (BD-RjUL)53108
040 ## - CATALOGING SOURCE
Original cataloging agency DLC
Transcribing agency DLC
Modifying agency DLC
-- BD-RjUL
Language of cataloging eng
041 ## - LANGUAGE CODE
Language code of text/sound track or separate title eng
082 00 - DEWEY DECIMAL CLASSIFICATION NUMBER
Classification number 519.538
Edition number 23
Author mark and year RAE 1988
100 1# - MAIN ENTRY--PERSONAL NAME
Personal name Rao, C. Radhakrishna
Fuller form of name (Calyampudi Radhakrishna),
Dates associated with a name 1920-
9 (RLIN) 158387
245 10 - TITLE STATEMENT
Title Estimation of variance components and applications /
Statement of responsibility, etc. C.R. Rao, J. Kleffe.
260 ## - PUBLICATION, DISTRIBUTION, ETC. (IMPRINT)
Place of publication, distribution, etc. New York :
Name of publisher, distributor, etc. North-Holland ;
Date of publication, distribution, etc. c1988.
300 ## - PHYSICAL DESCRIPTION
Pagination xiii, 370 p. ;
Size 24 cm.
500 ## - GENERAL NOTE
General note Includes indexes.
650 #0 - SUBJECT ADDED ENTRY--TOPICAL TERM
Topical term or geographic name as entry element Analysis of variance.
9 (RLIN) 146784
Topical term or geographic name as entry element Estimation theory.
9 (RLIN) 153171
700 1# - ADDED ENTRY--PERSONAL NAME
Personal name Kleffe, J.
Fuller form of name (Jürgen)
942 ## - ADDED ENTRY ELEMENTS (KOHA)
Source of classification or shelving scheme Dewey Decimal Classification
Koha item type Books
Holdings
Lost status Source of classification or shelving scheme Damaged status Not for loan Collection code Permanent Location Current Location Shelving location Date acquired Source of acquisition Cost, normal purchase price Total Checkouts Full call number Date last seen Copy number Koha item type
  Dewey Decimal Classification     Non-fiction Central Library, University of Rajshahi Central Library, University of Rajshahi   14/01/1990 Abacus London 44.20   519.538 RAE 1988 02/10/2016 C-2 Books
  Dewey Decimal Classification   Not For Loan Non-fiction Central Library, University of Rajshahi Central Library, University of Rajshahi Reading Room 14/01/1990 Abacus London 44.20   519.538 RAE 1988 12/04/2017 C-1 Books